00570nam a22001937i 45000010005000000030004000050050017000090070003000260080041000290200015000700240014000850240020000990400008001191000026001272450112001532600067002654900027003327000017003595997OSt20181119124230.0tu161220s1999 xxu||||| |||| 00| 0 d a39309635587 a59972RID7 a59972RSN (alt) cOSt1 aSchumacher, Christian00aUnzureichende Indikatoreigenschaften der Geldmenge: Konsequenzen für die geldpolitische Strategie der EZB aHalle :bInstitut für Wirtschaftsforschung Halle IWH,c1999. aIWH Forschungsreihev91 aTober, Silke